| 000 | 00715nam a2200265 a 4500 | ||
|---|---|---|---|
| 003 | AR-BaBNM | ||
| 005 | 20251128204637.0 | ||
| 008 | 082120s2002 ||||||||||||||000 | spa|| | ||
| 020 | _a956-13-1092-9 | ||
| 040 | _cAR-BaBNM | ||
| 100 | 1 | _aBalcells, Jacqueline | |
| 245 | 0 | 0 | _aCuentos de los reinos inquietos |
| 260 |
_aSantiago de Chile _bEditorial Andrés Bello _c1993 |
||
| 300 |
_a109 p. _bil. |
||
| 500 | _aContiene índice de los cuentos | ||
| 650 | 4 | _aLITERATURA INFANTIL | |
| 650 | 4 | _aLIBROS PARA NIÑOS | |
| 650 | 4 | _aCUENTOS DE AVENTURAS | |
| 650 | 4 | _aAMOR | |
| 653 | _aCUENTO MARAVILLOSO | ||
| 655 | _aLITERATURA | ||
| 700 | 1 |
_aGoddard, Cecilia _eilustrador |
|
| 942 | _cBK | ||
| 998 | _cMARTIN | ||
| 999 |
_c8208 _d8208 |
||